HermitCraft Guests - Statistics

General Stats
  • This quiz has been taken 71 times
    6 since last reset
  • The average score is 27 of 47
Answer Stats
Season Answer % Correct
10 Couriway
100%
9, 11 fWhip
100%
9-11 InTheLittleWood
100%
10-11 JamalMC
100%
10 jojosolos
100%
1, 3 Mrs Keralis
100%
9-11 MythicalSausage
100%
9-11 Solidarity
100%
10 Aimsey
50%
1 Alishapez
50%
11 Antoneemc
50%
11 BadgerSpanner
50%
7 BarryBoss1234
50%
10 belmarzi
50%
1 BlockFortress
50%
11 Cambam010
50%
11 Cocoabats
50%
6, 10 Cojomax99
50%
10 DotDotDash
50%
6 Duke da dog
50%
10 Eyjoy27
50%
10 F1RECRACKR
50%
9 Firecracker1195
50%
9 gnembon
50%
10 Hannahxxrose
50%
9-10 HBomb94
50%
1 Invis
50%
6 Jura
50%
9 Kingbdogz
50%
9 LDShadowLady
50%
9 Minerva246
50%
9-11 OrionSound
50%
6 PhoenixfireLune
50%
8 Pillbugnine
50%
9, 11 Pixlriffs
50%
6 PokePugx
50%
1 SethBling
50%
9, 11 Shubble
50%
9 Slicedlime
50%
9-11 Smajor1995
50%
11 stage53
50%
2 Teegs
50%
1 Toby
50%
6 tterrag
50%
11 ZDUBBIN
50%
11 soupforeloise
0%
11 TaneeshaHogan
0%
No matching quizzes found
Score Distribution
Percent of People with Each Score
Percentile by Number Answered
Your Score History
You have not taken this quiz since the last reset